<?xml version="1.0" encoding="UTF-8"?>
<collection xmlns="http://www.loc.gov/MARC21/slim">
 <record>
  <leader>06956nam a2200541 a 4500</leader>
  <controlfield tag="001">kal4443</controlfield>
  <controlfield tag="003">Gr-AtHEAL</controlfield>
  <controlfield tag="005">20160506134051.0</controlfield>
  <controlfield tag="006">m        d        </controlfield>
  <controlfield tag="008">160413s2015    gr      s           gre|c</controlfield>
  <datafield tag="020" ind1=" " ind2=" ">
   <subfield code="a">9789606034961</subfield>
  </datafield>
  <datafield tag="040" ind1=" " ind2=" ">
   <subfield code="a">GR-AtHEAL</subfield>
   <subfield code="b">gre</subfield>
   <subfield code="c">GR-AtHEAL</subfield>
  </datafield>
  <datafield tag="082" ind1="0" ind2="4">
   <subfield code="a">796.42</subfield>
   <subfield code="2">23</subfield>
  </datafield>
  <datafield tag="100" ind1="1" ind2=" ">
   <subfield code="a">Καρατζαφέρη, Χριστίνα.</subfield>
   <subfield code="8">1008</subfield>
  </datafield>
  <datafield tag="245" ind1="1" ind2="0">
   <subfield code="a">Εγχειρίδιο για την σωματική αξιολόγηση αθλητών: δοκιμασίες εργαστηρίου και πεδίου για την επιστημονική υποστήριξη του αγωνιστικού αθλητισμού</subfield>
   <subfield code="h">[Ηλεκτρονικός πόρος] </subfield>
   <subfield code="b">Σωματική Αξιολόγηση Αθλητών</subfield>
   <subfield code="c">Καρατζαφέρη, Χριστίνα ; κ.α. ; Κριτικός αναγνώστης,Φιλίππου, Αναστάσιος ; Γλωσσική επιμέλεια,Ψαθά, Ελένη.</subfield>
  </datafield>
  <datafield tag="260" ind1=" " ind2=" ">
   <subfield code="a">Αθήνα :</subfield>
   <subfield code="b">Σύνδεσμος Ελληνικών Ακαδημαϊκών Βιβλιοθηκών,</subfield>
   <subfield code="c">c2015.</subfield>
  </datafield>
  <datafield tag="490" ind1=" " ind2=" ">
   <subfield code="a">Ακαδημαϊκά Ηλεκτρονικά Συγγράμματα και Βοηθήματα Κάλλιπος</subfield>
   <subfield code="8">40</subfield>
  </datafield>
  <datafield tag="520" ind1=" " ind2=" ">
   <subfield code="a">Στο συγκεκριμένο εγχειρίδιο θα αναπτυχθούν ζητήματα που αφορούν την αξιολόγηση της σωματικής κατάστασης σε άτομα που ασχολούνται με τον αθλητισμό και θα παρουσιαστούν πρωτόκολλα αξιολόγησης των συνιστωσών της σωματικής τους επάρκειας (fitness). Ο στόχος είναι να προσφέρουμε στους φοιτητές Σχολών Φ.Α. και Αθλητισμού και άλλων συναφών σχολών τις απαραίτητες γνώσεις και δεξιότητες για την μελλοντική ενασχόλησή τους με τον τομέα του αγωνιστικού αθλητισμού, αλλά και της αναψυχής, με γνώμονα την ασφάλεια των ασκουμένων και την έγκυρη και αξιόπιστη συλλογή δεδομένων. Συνοπτικά: Στο 1ο κεφάλαιο, θα γίνει εκτενής αναφορά στα απαραίτητα συστατικά του ιατρικού ελέγχου που είναι απαραίτητη προϋπόθεση πριν την έναρξη της ενασχόλησης με αθλητική δραστηριότητα. Θα ακολουθήσει συζήτηση για πιθανά σφάλματα τα οποία μπορεί να γίνουν κατά τη διεξαγωγή των δοκιμασιών και να οδηγήσουν σε λάθος εκτίμηση, στους τρόπους αξιολόγησης των αποτελεσμάτων, καθώς και θα προταθούν κριτήρια για την επιλογή των καταλληλότερων δοκιμασιών (Κεφ. 2). Στην συνέχεια (Κεφ. 3) θα αναπτυχθούν οι τεχνικές και θα περιγραφεί εξειδικευμένος εξοπλισμός που απαιτείται για την υλοποίηση πρωτοκόλλων αξιολόγηση της σωματικής σύστασης και σωματοδομής. Θα ακολουθήσει εκτενής περιγραφή των μεθόδων μέτρησης της καρδιακής απόδοσης (Κεφ. 4), της μυϊκής δύναμης και ισχύος (Κεφ. 5), της μέγιστης κατανάλωσης οξυγόνου (Κεφ. 6), της παραγωγής γαλακτικού οξέος (Κεφ.7), της ταχύτητας (Κεφ. 8), και της ευκινησίας. Επειδή στα σύγχρονα εργομετρικά κέντρα γίνεται και βιοχημική αξιολόγηση θα αναπτυχθούν τα πρωτόκολλα αξιολόγησης αιματολογικών δεικτών που συνηθίζονται διεθνώς (Κεφ 10). Στο Κεφ. 11 θα δοθούν χαρακτηριστικές περιπτώσεις τυπικού εργομετρικού ελέγχου αθλητών από διάφορα αγωνίσματα. Τέλος, το εγχειρίδιο θα ολοκληρωθεί με την ανάπτυξη θεμάτων υγιεινής και ασφάλειας (Κεφ.12).</subfield>
  </datafield>
  <datafield tag="650" ind1=" " ind2="0">
   <subfield code="a">Exercise</subfield>
   <subfield code="x">Physiological aspects.</subfield>
   <subfield code="8">2827</subfield>
  </datafield>
  <datafield tag="653" ind1=" " ind2=" ">
   <subfield code="a">Εργοφυσιολογία</subfield>
  </datafield>
  <datafield tag="653" ind1=" " ind2=" ">
   <subfield code="a">Αξιολόγηση της απόδοσης</subfield>
  </datafield>
  <datafield tag="653" ind1=" " ind2=" ">
   <subfield code="a">Εργομετρία</subfield>
  </datafield>
  <datafield tag="653" ind1=" " ind2=" ">
   <subfield code="a">Επιστήμες της ζωής</subfield>
   <subfield code="a">Αθλητική επιστήμη/επιστήμη φυσικής αγωγής και αθλητισμού</subfield>
  </datafield>
  <datafield tag="700" ind1="1" ind2=" ">
   <subfield code="a">Φλουρής, Ανδρέας</subfield>
   <subfield code="e">Συγγραφέας</subfield>
   <subfield code="8">1009</subfield>
  </datafield>
  <datafield tag="700" ind1="1" ind2=" ">
   <subfield code="a">Τσιμέας, Παναγιώτης</subfield>
   <subfield code="e">Συγγραφέας</subfield>
   <subfield code="8">1010</subfield>
  </datafield>
  <datafield tag="700" ind1="1" ind2=" ">
   <subfield code="a">Τερζής, Γεράσιμος</subfield>
   <subfield code="e">Συγγραφέας</subfield>
   <subfield code="8">1011</subfield>
  </datafield>
  <datafield tag="700" ind1="1" ind2=" ">
   <subfield code="a">Σύρμος, Νικόλαος</subfield>
   <subfield code="e">Συγγραφέας</subfield>
   <subfield code="8">1012</subfield>
  </datafield>
  <datafield tag="700" ind1="1" ind2=" ">
   <subfield code="a">Στεφανίδης, Ιωάννης</subfield>
   <subfield code="e">Συγγραφέας</subfield>
   <subfield code="8">1013</subfield>
  </datafield>
  <datafield tag="700" ind1="1" ind2=" ">
   <subfield code="a">Σακκάς, Γιώργος</subfield>
   <subfield code="e">Συγγραφέας</subfield>
   <subfield code="8">1014</subfield>
  </datafield>
  <datafield tag="700" ind1="1" ind2=" ">
   <subfield code="a">Σταυρόπουλος-Καλίνογλου, Αντώνιος</subfield>
   <subfield code="e">Συγγραφέας</subfield>
   <subfield code="8">1015</subfield>
  </datafield>
  <datafield tag="700" ind1="1" ind2=" ">
   <subfield code="a">Σκούμπα, Αγγελική</subfield>
   <subfield code="e">Συγγραφέας</subfield>
   <subfield code="8">1016</subfield>
  </datafield>
  <datafield tag="700" ind1="1" ind2=" ">
   <subfield code="a">Πουλιανίτη, Κωνσταντίνα</subfield>
   <subfield code="e">Συγγραφέας</subfield>
   <subfield code="8">1017</subfield>
  </datafield>
  <datafield tag="700" ind1="1" ind2=" ">
   <subfield code="a">Ροκά, Βιολέτα</subfield>
   <subfield code="e">Συγγραφέας</subfield>
   <subfield code="8">1018</subfield>
  </datafield>
  <datafield tag="700" ind1="1" ind2=" ">
   <subfield code="a">Μπογδάνης, Γρηγόρης</subfield>
   <subfield code="e">Συγγραφέας</subfield>
   <subfield code="8">1019</subfield>
  </datafield>
  <datafield tag="700" ind1="1" ind2=" ">
   <subfield code="a">Μήτρου, Γεωργία</subfield>
   <subfield code="e">Συγγραφέας</subfield>
   <subfield code="8">1020</subfield>
  </datafield>
  <datafield tag="700" ind1="1" ind2=" ">
   <subfield code="a">Κουτεντάκης, Γιάννης</subfield>
   <subfield code="e">Συγγραφέας</subfield>
   <subfield code="8">1021</subfield>
  </datafield>
  <datafield tag="700" ind1="1" ind2=" ">
   <subfield code="a">Κρασέ, Αργυρώ</subfield>
   <subfield code="e">Συγγραφέας</subfield>
   <subfield code="8">1022</subfield>
  </datafield>
  <datafield tag="700" ind1="1" ind2=" ">
   <subfield code="a">Καρυώτη, Αγγελική</subfield>
   <subfield code="e">Συγγραφέας</subfield>
   <subfield code="8">1023</subfield>
  </datafield>
  <datafield tag="700" ind1="1" ind2=" ">
   <subfield code="a">Καπνιά, Αρετή</subfield>
   <subfield code="e">Συγγραφέας</subfield>
   <subfield code="8">1024</subfield>
  </datafield>
  <datafield tag="700" ind1="1" ind2=" ">
   <subfield code="a">Καλτσάτου, Αντωνία</subfield>
   <subfield code="e">Συγγραφέας</subfield>
   <subfield code="8">1025</subfield>
  </datafield>
  <datafield tag="700" ind1="1" ind2=" ">
   <subfield code="a">Θεοφιλίδης, Γιώργος</subfield>
   <subfield code="e">Συγγραφέας</subfield>
   <subfield code="8">1026</subfield>
  </datafield>
  <datafield tag="700" ind1="1" ind2=" ">
   <subfield code="a">Γκιάτα, Παρασκευή</subfield>
   <subfield code="e">Συγγραφέας</subfield>
   <subfield code="8">1027</subfield>
  </datafield>
  <datafield tag="700" ind1="1" ind2=" ">
   <subfield code="a">Φιλίππου, Αναστάσιος</subfield>
   <subfield code="e">Κριτικός αναγνώστης</subfield>
   <subfield code="8">1028</subfield>
  </datafield>
  <datafield tag="856" ind1="4" ind2="0">
   <subfield code="u">http://hdl.handle.net/11419/4443</subfield>
   <subfield code="z">Πλήρες Κείμενο - Full text</subfield>
  </datafield>
  <datafield tag="907" ind1=" " ind2=" ">
   <subfield code="a">.b25680596</subfield>
   <subfield code="b">12-06-18</subfield>
   <subfield code="c">29-07-16</subfield>
  </datafield>
  <datafield tag="949" ind1=" " ind2=" ">
   <subfield code="0">0</subfield>
   <subfield code="1">0</subfield>
   <subfield code="2">ddc</subfield>
   <subfield code="4">0</subfield>
   <subfield code="6">796_420000000000000_ΚΑΡ</subfield>
   <subfield code="7">0</subfield>
   <subfield code="8">KALL</subfield>
   <subfield code="8">818</subfield>
   <subfield code="d">2016-04-13</subfield>
   <subfield code="r">2016-04-13</subfield>
   <subfield code="w">2016-04-13</subfield>
   <subfield code="z">796.42 ΚΑΡ</subfield>
   <subfield code="o">SEAB KALLIPOS</subfield>
  </datafield>
  <datafield tag="998" ind1=" " ind2=" ">
   <subfield code="a">80</subfield>
   <subfield code="a">01</subfield>
   <subfield code="a">02</subfield>
   <subfield code="a">03</subfield>
   <subfield code="a">04</subfield>
   <subfield code="a">05</subfield>
   <subfield code="a">06</subfield>
   <subfield code="a">07</subfield>
   <subfield code="a">08</subfield>
   <subfield code="a">09</subfield>
   <subfield code="a">10</subfield>
   <subfield code="a">11</subfield>
   <subfield code="a">12</subfield>
   <subfield code="a">13</subfield>
   <subfield code="a">14</subfield>
   <subfield code="a">15</subfield>
   <subfield code="a">16</subfield>
   <subfield code="a">17</subfield>
   <subfield code="a">18</subfield>
   <subfield code="a">19</subfield>
   <subfield code="a">20</subfield>
   <subfield code="a">21</subfield>
   <subfield code="a">22</subfield>
   <subfield code="a">23</subfield>
   <subfield code="a">24</subfield>
   <subfield code="a">25</subfield>
   <subfield code="a">26</subfield>
   <subfield code="b">16-05-17</subfield>
   <subfield code="c">m</subfield>
   <subfield code="d">z  </subfield>
   <subfield code="e">-</subfield>
   <subfield code="f">gre</subfield>
   <subfield code="g">gr </subfield>
   <subfield code="h">0</subfield>
  </datafield>
  <datafield tag="942" ind1=" " ind2=" ">
   <subfield code="2">ddc</subfield>
   <subfield code="c">KALLIPOS</subfield>
  </datafield>
 </record>
</collection>
